• 首页
  • 本馆介绍
  • 公告通知
  • 最新文献
  • 馆藏检索
  • 电子资源
  • 读者导购
  • 参考咨询
  • 我的图书馆
  • 登录
  • 详细信息显示
  • 放入我的书架
  • 预约/预借图书
  • 作者相关作品
  • 分类相关作品
  • 丛书相关作品
  • 出版社相关作品

书目信息

  • 表格格式
  • 工作单格式
  • 卡片格式
题名:
畜禽养殖废弃物综合处理利用技术
    
 
作者: 彭国良 主编
分册:  
出版信息: 广州   广东科技出版社  2020.3
页数: 116页
开本: 21cm
丛书名: “金土地”新农村书系
单 册:
中图分类: X713
科图分类:
主题词: 畜禽--饲养场废物--废物综合利用--研究
电子资源:
ISBN: 978-7-5359-7395-5
000 01090nam0 2200277 45
001 012001002583
005 20140914144108.0
010    @a978-7-5359-7395-5@dCNY25.80
100    @a20200611d2020 em y0chiy50 ea
101 0  @achi
102    @aCN@b440000
105    @aa z 000yy
106    @ar
200 1  @a畜禽养殖废弃物综合处理利用技术@Achu qin yang zhi fei qi wu zong he chu li li yong ji shu@b专著@f彭国良主编
210    @a广州@c广东科技出版社@d2020.3
215    @a116页@c彩图@d21cm
225 1  @a“金土地”新农村书系@i家畜编
300    @a“十三五”国家重点图书出版规划项目 改革发展项目库2017年入库项目
330    @a本书为广东省农业厅、广东省畜牧兽医局组织省内外有关科研教学、技术推广和生产一线的专业人员编写而成,内容包括畜禽养殖废弃物减量化技术、粪便处理技术、污水处理技术、粪污资源化利用技术,以及主要处理利用模式。
461  0 @12001 @a“金土地”新农村书系
462  0 @12001 @a家畜编
606 0  @a畜禽@x饲养场废物@x废物综合利用@x研究
690    @aX713@v5
701  0 @a彭国良@Apeng guo liang@4主编
801  2 @aCN@bBJSDL@c20211018
905    @b1344450-3@dX713@e361@f4
    
    畜禽养殖废弃物综合处理利用技术/彭国良主编.-广州:广东科技出版社,2020.3
    116页:彩图;21cm.-(“金土地”新农村书系.家畜编)
    “十三五”国家重点图书出版规划项目 改革发展项目库2017年入库项目
    
    ISBN 978-7-5359-7395-5:CNY25.80
    本书为广东省农业厅、广东省畜牧兽医局组织省内外有关科研教学、技术推广和生产一线的专业人员编写而成,内容包括畜禽养殖废弃物减量化技术、粪便处理技术、污水处理技术、粪污资源化利用技术,以及主要处理利用模式。
●
相关链接 在E读中查询图书 在五车中查询图书 在当当中查询图书 在豆瓣中查询图书


正题名:畜禽养殖废弃物综合处理利用技术     索取号:X713/361         预约/预借

序号 登录号 条形码 馆藏地/架位号 状态 备注
1 1344450   213444502   第二样本阅览室/ [索取号:X713/361] 在馆    
2 1344451   213444511   第三借阅区/ [索取号:X713/361] 在馆    
3 1344452   213444520   第三借阅区/ [索取号:X713/361] 在馆    
4 1344453   213444539   第三借阅区/ [索取号:X713/361] 在馆    
唐山师范学院图书馆 欢迎您!
大连网信软件有限公司© 版权所有